[Event "SWE-chT 1920 Elite"]
[Site "Sweden"]
[Date "2020.10.20"]
[Round "9.1"]
[White "Hogeman, Joel"]
[Black "Moreau, Teodor"]
[Result "1/2-1/2"]
[WhiteElo "2164"]
[BlackElo "2339"]
[PlyCount "43"]
[EventDate "2019.10.18"]
[EventType "team-tourn"]
[EventRounds "9"]
[EventCountry "SWE"]
[SourceTitle "EXT 2022"]
[Source "ChessBase"]
[SourceDate "2021.10.06"]
[SourceVersion "1"]
[SourceVersionDate "2021.10.06"]
[SourceQuality "1"]
[WhiteTeam "Limhamn"]
[BlackTeam "Wasa"]
[WhiteTeamCountry "SWE"]
[BlackTeamCountry "SWE"]

1. e4 c5 2. Nc3 Nc6 3. Bb5 g6 4. Bxc6 dxc6 5. d3 e5 6. f4 Qh4+ 7. g3 Qe7 8. Nf3 f6 9. 0-0 Bg4 10. fxe5 fxe5 11. Qe1 Nf6 12. a3 Bg7 13. Kg2 Qd7 14. Ng1 0-0 15. Be3 b6 16. b3 Be6 17. h3 Nh5 18. Qd2 Rad8 19. Bg5 Rde8 20. Be3 Rd8 21. Bg5 Rde8 22. Be3 1/2-1/2

[Event "SWE-chT 1920 Elite"]
[Site "Sweden"]
[Date "2020.10.17"]
[Round "8.1"]
[White "Moreau, Teodor"]
[Black "Smith, Axel"]
[Result "0-1"]
[WhiteElo "2339"]
[BlackElo "2461"]
[PlyCount "122"]
[EventDate "2019.10.18"]
[EventType "team-tourn"]
[EventRounds "9"]
[EventCountry "SWE"]
[SourceTitle "EXT 2022"]
[Source "ChessBase"]
[SourceDate "2021.10.06"]
[SourceVersion "1"]
[SourceVersionDate "2021.10.06"]
[SourceQuality "1"]
[WhiteTeam "Wasa"]
[BlackTeam "Lunds"]
[WhiteTeamCountry "SWE"]
[BlackTeamCountry "SWE"]

1. d4 e6 2. Nf3 c5 3. c4 cxd4 4. Nxd4 Nf6 5. Nc3 Nc6 6. g3 Qb6 7. Nb3 Ne5 8. e4 Bb4 9. Qe2 d6 10. f4 Nc6 11. Be3 Bxc3+ 12. bxc3 Qc7 13. Bg2 e5 14. c5 dxc5 15. Nxc5 b6 16. Na6 Qe7 17. f5 Bb7 18. 0-0 Rc8 19. Bd2 Qa3 20. Nb4 Nxb4 21. cxb4 Ba6 22. b5 Qc5+ 23. Be3 Qxb5 24. Qxb5+ Bxb5 25. Rfb1 Bd3 26. Rb4 0-0 27. a4 Rfd8 28. h3 a5 29. Rxb6 Bxe4 30. Rb2 Rd3 31. Bf2 Bxg2 32. Kxg2 h5 33. Raa2 Ne4 34. Be1 Rc1 35. Re2 Nc3 36. Bxc3 Rcxc3 37. Rxe5 Rxg3+ 38. Kf1 Rc1+ 39. Kf2 Rxh3 40. Kg2 Rch1 41. Rf2 Kh7 42. Rxa5 Kh6 43. Ra7 f6 44. Ra8 R1h2+ 45. Kg1 Rxf2 46. Kxf2 Rc3 47. Rh8+ Kg5 48. Rh7 Rc7 49. Rh8 Ra7 50. Rb8 Kxf5 51. Rb5+ Kg4 52. a5 f5 53. Rb6 f4 54. a6 g5 55. Kg2 Kh4 56. Kf3 Rf7 57. Rb7 Rf6 58. a7 Ra6 59. Rf7 Ra3+ 60. Ke4 Kg4 61. Kd5 h4 0-1

[Event "EU-Cup 35th"]
[Site "Ulcinj"]
[Date "2019.11.15"]
[Round "6.22"]
[White "Karttunen, Mika"]
[Black "Moreau, Teodor"]
[Result "1/2-1/2"]
[WhiteElo "2477"]
[BlackElo "2345"]
[PlyCount "43"]
[EventDate "2019.11.10"]
[EventType "team-swiss"]
[EventRounds "7"]
[EventCountry "MNE"]
[SourceTitle "EXT 2021"]
[Source "ChessBase"]
[SourceDate "2020.10.23"]
[SourceVersion "1"]
[SourceVersionDate "2020.10.23"]
[SourceQuality "1"]
[WhiteTeam "Tammer Shakki"]
[BlackTeam "Wasa"]
[WhiteTeamCountry "FIN"]
[BlackTeamCountry "SWE"]

1. d4 Nf6 2. c4 e6 3. Nf3 b6 4. a3 c5 5. Nc3 cxd4 6. Nxd4 Bb7 7. Bf4 d6 8. Nc2 Nh5 9. Bd2 Nf6 10. e3 Nbd7 11. Nb4 Rc8 12. Rc1 Be7 13. f3 0-0 14. Be2 Ne5 15. b3 a5 16. Nc2 d5 17. cxd5 Nxd5 18. Nb5 Nc7 19. Nbd4 Nd5 20. Nb5 Nc7 21. Nbd4 Nd5 22. Nb5 1/2-1/2

[Event "EU-Cup 35th"]
[Site "Ulcinj"]
[Date "2019.11.12"]
[Round "3.9"]
[White "Schmidek, Emil"]
[Black "Moreau, Teodor"]
[Result "1-0"]
[WhiteElo "2394"]
[BlackElo "2345"]
[PlyCount "75"]
[EventDate "2019.11.10"]
[EventType "team-swiss"]
[EventRounds "7"]
[EventCountry "MNE"]
[SourceTitle "CBM 193 Extra"]
[Source "ChessBase"]
[SourceDate "2020.01.31"]
[SourceVersion "1"]
[SourceVersionDate "2020.01.31"]
[SourceQuality "1"]
[WhiteTeam "Berlin SF"]
[BlackTeam "Wasa"]
[WhiteTeamCountry "GER"]
[BlackTeamCountry "SWE"]

1. e4 c5 2. Nf3 Nc6 3. d4 cxd4 4. Nxd4 Nf6 5. Nc3 e5 6. Ndb5 d6 7. Bg5 a6 8. Na3 b5 9. Bxf6 gxf6 10. Nd5 f5 11. g3 fxe4 12. Bg2 Bg7 13. Bxe4 Be6 14. c3 Rc8 15. Nc2 0-0 16. 0-0 f5 17. Bg2 a5 18. Qd2 Kh8 19. Rfd1 Bg8 20. Nde3 Ne7 21. Qxd6 Qxd6 22. Rxd6 f4 23. Nd5 Nxd5 24. Bxd5 b4 25. Bxg8 Kxg8 26. Rad1 bxc3 27. b3 e4 28. Kf1 e3 29. gxf4 exf2 30. Kxf2 Rxf4+ 31. Ke3 Rh4 32. Rg1 Kh8 33. Rg2 Rh3+ 34. Ke2 Re8+ 35. Kd1 Rf3 36. Na3 Rf1+ 37. Kc2 Rc1+ 38. Kxc1 1-0

[Event "EU-Cup 35th"]
[Site "Ulcinj"]
[Date "2019.11.10"]
[Round "1.10"]
[White "Hammer, Jon Ludvig"]
[Black "Moreau, Teodor"]
[Result "1-0"]
[WhiteElo "2625"]
[BlackElo "2345"]
[PlyCount "54"]
[EventDate "2019.11.10"]
[EventType "team-swiss"]
[EventRounds "7"]
[EventCountry "MNE"]
[SourceTitle "CBM 193 Extra"]
[Source "ChessBase"]
[SourceDate "2020.01.31"]
[SourceVersion "1"]
[SourceVersionDate "2020.01.31"]
[SourceQuality "1"]
[WhiteTeam "Koge Xtracon"]
[BlackTeam "Wasa"]
[WhiteTeamCountry "DEN"]
[BlackTeamCountry "SWE"]

1. e4 c5 2. Nf3 a6 3. c4 d6 4. d4 cxd4 5. Nxd4 Nf6 6. Nc3 e6 7. g4 Nc6 8. Nxc6 bxc6 9. g5 Nd7 10. Be3 Rb8 11. Qd2 Qa5 12. Be2 Be7 13. 0-0 e5 14. a3 Qd8 15. b4 0-0 16. Rad1 Qc7 17. Kh1 a5 18. b5 Bb7 19. bxc6 Qxc6 20. Nd5 Bd8 21. Rb1 Rc8 22. c5 Ba6 23. Bxa6 Qxa6 24. cxd6 Re8 25. Rfd1 a4 26. Qd3 Qa8 27. Qb5 Rc6 1-0

[Event "SWE-chT 1819 Elite"]
[Site "Sweden"]
[Date "2019.03.31"]
[Round "9.1"]
[White "Dragicevic, Drazen"]
[Black "Moreau, Teodor"]
[Result "1/2-1/2"]
[WhiteElo "2344"]
[BlackElo "2322"]
[PlyCount "203"]
[EventDate "2018.11.09"]
[EventType "team-tourn"]
[EventRounds "9"]
[EventCountry "SWE"]
[SourceTitle "CBM 189 Extra"]
[Source "ChessBase"]
[SourceDate "2019.06.03"]
[SourceVersion "1"]
[SourceVersionDate "2019.06.03"]
[SourceQuality "1"]
[WhiteTeam "Lunds"]
[BlackTeam "Wasa"]
[WhiteTeamCountry "SWE"]
[BlackTeamCountry "SWE"]

1. c4 Nf6 2. Nf3 e6 3. b3 c5 4. g3 Nc6 5. Bg2 d5 6. cxd5 exd5 7. 0-0 d4 8. d3 Be7 9. e4 dxe3 10. fxe3 Nd5 11. d4 0-0 12. Qd2 cxd4 13. exd4 Re8 14. Ne5 Nxe5 15. dxe5 Be6 16. Kh1 Qd7 17. Ba3 Rad8 18. Bxe7 Qxe7 19. Nc3 Nxc3 20. Qxc3 Bd5 21. Rae1 Bxg2+ 22. Kxg2 Qe6 23. Rf2 Rd5 24. Qc7 Rd7 25. Qc3 h6 26. Qe3 b6 27. Qf4 Qd5+ 28. Kh3 Ree7 29. Ree2 Qe6+ 30. Qg4 Rd5 31. Qxe6 Rxe6 32. Rc2 Rdxe5 33. Rc8+ Re8 34. Rfc2 g6 35. Rxe8+ Rxe8 36. Rc7 a5 37. Rb7 Re6 38. Kg4 Rf6 39. Kh3 h5 40. Rb8+ Kg7 41. Kg2 g5 42. Rd8 Rc6 43. Rd5 Rc5 44. Rd6 b5 45. a3 f6 46. Ra6 Rc2+ 47. Kg1 Rc3 48. Rxa5 Rxb3 49. a4 bxa4 50. Rxa4 Rb2 51. h4 g4 52. Ra5 Kg6 53. Rc5 Re2 54. Ra5 Re5 55. Ra6 Kf5 56. Ra4 Rd5 57. Rf4+ Ke5 58. Rf2 Ke6 59. Re2+ Re5 60. Ra2 Rf5 61. Ra6+ Kf7 62. Ra7+ Kg6 63. Ra8 Rb5 64. Rh8 Rb2 65. Kf1 Rd2 66. Kg1 Rd5 67. Kg2 Kg7 68. Ra8 Re5 69. Kf2 Kf7 70. Rb8 Ke6 71. Rb6+ Kf5 72. Rb4 Rd5 73. Rb2 Rc5 74. Re2 Re5 75. Ra2 Ke4 76. Ra4+ Kd3 77. Ra3+ Kd4 78. Ra4+ Kd5 79. Ra5+ Ke6 80. Ra6+ Kf5 81. Ra4 Rb5 82. Ra2 Rb4 83. Re2 Re4 84. Ra2 Rd4 85. Re2 Rd5 86. Ra2 Re5 87. Ra4 Kg6 88. Ra8 Re6 89. Rh8 Re4 90. Ra8 Re7 91. Ra6 Kf7 92. Ra5 Kg6 93. Ra6 Rc7 94. Rb6 Rc5 95. Ra6 Kf5 96. Ra2 Ke6 97. Re2+ Kd6 98. Rd2+ Rd5 99. Ra2 Ke6 100. Ra6+ Rd6 101. Ra8 Rd2+ 102. Kf1 1/2-1/2

[Event "SWE-chT 1819 Elite"]
[Site "Sweden"]
[Date "2019.03.09"]
[Round "6"]
[White "Moreau, Teodor"]
[Black "Mardell, Jonas"]
[Result "1-0"]
[WhiteElo "2322"]
[BlackElo "2043"]
[PlyCount "81"]
[EventDate "2018.11.09"]
[EventType "team-tourn"]
[EventRounds "9"]
[EventCountry "SWE"]
[SourceTitle "EXT 2021"]
[Source "ChessBase"]
[SourceDate "2020.10.23"]
[SourceVersion "1"]
[SourceVersionDate "2020.10.23"]
[SourceQuality "1"]
[WhiteTeam "Wasa"]
[BlackTeam "Umea Rockaden"]
[WhiteTeamCountry "SWE"]
[BlackTeamCountry "SWE"]

1. d4 d5 2. c4 e6 3. Nf3 Nf6 4. g3 Be7 5. Bg2 0-0 6. Nbd2 c5 7. cxd5 exd5 8. dxc5 Nbd7 9. Nb3 Nxc5 10. 0-0 Nce4 11. Be3 a5 12. Bd4 a4 13. Nc1 Bd7 14. Nd3 Qa5 15. Nfe5 Bb5 16. Rc1 Rac8 17. Bh3 Rxc1 18. Qxc1 Bd6 19. Qc2 Ng5 20. Bg2 Ne6 21. Be3 Qa6 22. Re1 Ne4 23. a3 f6 24. Nf3 Bc4 25. Bh3 Bb8 26. Nb4 Qd6 27. Nd2 Nxd2 28. Qxd2 Nc5 29. Bf4 Qd8 30. Bxb8 Qxb8 31. Qd4 Qd6 32. Bg2 Rd8 33. e3 Nb3 34. Qc3 Qe5 35. Qc2 d4 36. Qxc4+ Kh8 37. Rd1 Re8 38. exd4 Qf5 39. d5 h6 40. d6 b5 41. Qd3 1-0

[Event "SWE-chT 1718 Superettan"]
[Site "Sweden"]
[Date "2017.10.20"]
[Round "1.5"]
[White "Moreau, Teodor"]
[Black "Nygren, Kim"]
[Result "1-0"]
[WhiteElo "2316"]
[BlackElo "2154"]
[PlyCount "83"]
[EventDate "2017.10.20"]
[EventType "team-tourn"]
[EventRounds "9"]
[EventCountry "SWE"]
[SourceTitle "CBM 181 Extra"]
[Source "ChessBase"]
[SourceDate "2017.12.12"]
[SourceVersion "1"]
[SourceVersionDate "2017.12.12"]
[SourceQuality "1"]
[WhiteTeam "Wasa"]
[BlackTeam "Burgsvik Alva"]
[WhiteTeamCountry "SWE"]
[BlackTeamCountry "SWE"]

1. d4 Nf6 2. c4 e6 3. Nf3 c5 4. d5 b5 5. Bg5 exd5 6. cxd5 h6 7. Bxf6 Qxf6 8. Qc2 Bb7 9. e4 c4 10. Nc3 Na6 11. Nxb5 Bb4+ 12. Nc3 0-0 13. Be2 Rfe8 14. 0-0 Rac8 15. e5 Qe7 16. Rad1 g5 17. h3 d6 18. Ne4 dxe5 19. d6 Bxe4 20. Qxe4 Bxd6 21. Bxc4 Rxc4 22. Qxc4 Nc7 23. Rfe1 Kg7 24. Qc6 Rd8 25. Nxe5 Bxe5 26. Rxd8 Qxd8 27. Rxe5 Qd1+ 28. Kh2 Ne6 29. Qc3 Qd6 30. Kg1 Kg8 31. Re1 Qd5 32. a3 h5 33. Qe5 Qd2 34. b4 Kf8 35. Qe3 Qd7 36. g3 Kg8 37. Qf3 g4 38. hxg4 Ng5 39. Qf5 Qd2 40. Re3 Qc1+ 41. Kh2 Nh3 42. gxh5 1-0

[Event "SWE-chT2 1112"]
[Site "Sweden"]
[Date "2012.02.04"]
[Round "5"]
[White "Nygren, Kim"]
[Black "Moreau, Teodor"]
[Result "0-1"]
[WhiteElo "2240"]
[BlackElo "2267"]
[PlyCount "86"]
[EventDate "2011.10.22"]
[EventType "team-tourn"]
[EventRounds "9"]
[EventCountry "SWE"]
[SourceTitle "EXT 2013"]
[Source "ChessBase"]
[SourceDate "2012.11.22"]
[SourceVersion "1"]
[SourceVersionDate "2012.11.22"]
[SourceQuality "1"]
[WhiteTeam "Orebro"]
[BlackTeam "Wasa"]
[WhiteTeamCountry "SWE"]
[BlackTeamCountry "SWE"]

1. b3 Nf6 2. Bb2 d5 3. e3 Bg4 4. Be2 Bxe2 5. Qxe2 Nc6 6. Nf3 g6 7. Bxf6 exf6 8. d4 Bb4+ 9. c3 Ba5 10. 0-0 0-0 11. Rc1 Re8 12. a4 a6 13. b4 Bb6 14. a5 Ba7 15. Nbd2 Ne7 16. b5 axb5 17. Qxb5 Rb8 18. c4 c6 19. Qa4 Rc8 20. Rab1 Rc7 21. a6 b6 22. Qa2 Qd7 23. e4 dxc4 24. Qxc4 b5 25. Rxb5 Bxd4 26. Rb3 Ba7 27. e5 Nd5 28. Rd3 Bb6 29. Ne4 Qe7 30. Nd6 Ra8 31. Qg4 fxe5 32. Nf5 Qf6 33. N3h4 h5 34. Qf3 Rxa6 35. g4 Ra2 36. Ne3 Qxf3 37. Nxf3 Nxe3 38. fxe3 e4 39. Rd8+ Kg7 40. Nd4 hxg4 41. Re8 f5 42. Rc4 Bxd4 43. exd4 Rb7 0-1

[Event "SWE-chT 0910"]
[Site "Sweden"]
[Date "2009.10.18"]
[Round "3"]
[White "Nithander, Victor"]
[Black "Moreau, Teodor"]
[Result "1-0"]
[WhiteElo "2434"]
[BlackElo "2258"]
[PlyCount "109"]
[EventDate "2009.10.16"]
[EventType "team"]
[EventRounds "11"]
[EventCountry "SWE"]
[SourceTitle "EXT 2011"]
[Source "ChessBase"]
[SourceDate "2010.11.26"]
[SourceVersion "1"]
[SourceVersionDate "2010.11.26"]
[SourceQuality "1"]
[WhiteTeam "Manhem"]
[BlackTeam "Wasa"]
[WhiteTeamCountry "SWE"]
[BlackTeamCountry "SWE"]

1. e4 g6 2. d4 Nf6 3. e5 Nh5 4. Nc3 d6 5. Be3 c6 6. f4 Nd7 7. Be2 Nb6 8. Nf3 e6 9. 0-0 Be7 10. Ne4 d5 11. Ned2 Nd7 12. b3 b6 13. c4 Bb7 14. Rc1 Ng7 15. Bf2 Nh5 16. g3 Ng7 17. Qc2 0-0 18. Bd3 Rc8 19. c5 a5 20. a4 Ra8 21. Ne1 Qb8 22. Ndf3 Ba6 23. cxb6 Rc8 24. Bxa6 Rxa6 25. Nd3 Rxb6 26. Rb1 Qa7 27. Rfc1 Ra8 28. Qd1 Rab8 29. Rc3 Qb7 30. Qc2 Ra8 31. g4 Rb8 32. h3 Ra8 33. Kh2 Rc8 34. Rg1 Rb8 35. Nd2 Kf8 36. Qd1 Rc8 37. Qe1 Kg8 38. Bh4 Bf8 39. Qf2 Kh8 40. Rgc1 Kg8 41. Bg5 Qa6 42. Bh6 c5 43. dxc5 Rbc6 44. b4 axb4 45. Nxb4 Qxa4 46. Nxc6 Rxc6 47. Nb3 Be7 48. Ra1 Qb4 49. Ra8+ Nb8 50. Nd4 Rc8 51. Rb3 Qxc5 52. Rbxb8 Rxb8 53. Rxb8+ Bf8 54. Qb2 Qa5 55. Rxf8+ 1-0

[Event "SWE-chT 0910"]
[Site "Sweden"]
[Date "2009.10.17"]
[Round "2"]
[White "Moreau, Teodor"]
[Black "Forsberg, Viktor"]
[Result "1-0"]
[WhiteElo "2258"]
[BlackElo "2251"]
[PlyCount "115"]
[EventDate "2009.10.16"]
[EventType "team"]
[EventRounds "11"]
[EventCountry "SWE"]
[SourceTitle "EXT 2011"]
[Source "ChessBase"]
[SourceDate "2010.11.26"]
[SourceVersion "1"]
[SourceVersionDate "2010.11.26"]
[SourceQuality "1"]
[WhiteTeam "Wasa"]
[BlackTeam "Umea Rockaden"]
[WhiteTeamCountry "SWE"]
[BlackTeamCountry "SWE"]

1. d4 Nf6 2. c4 g6 3. Nc3 Bg7 4. e4 d6 5. Be2 0-0 6. Nf3 e5 7. 0-0 Nc6 8. d5 Ne7 9. Nd2 a5 10. a3 Bd7 11. Ra2 Ne8 12. b4 axb4 13. axb4 Rxa2 14. Nxa2 f5 15. Nc3 Nf6 16. c5 Qb8 17. Qb3 fxe4 18. Ndxe4 Nf5 19. Qa2 Nd4 20. Bc4 Nxe4 21. Nxe4 Bf5 22. Ng5 b5 23. cxb6 Qxb6 24. Bd2 Re8 25. Rc1 h6 26. Ne6 Bxe6 27. dxe6 c6 28. Qa5 Qb7 29. Be3 d5 30. Bxd4 exd4 31. Ba6 Qa8 32. Bd3 Qb7 33. Ba6 Qa8 34. Bd3 Qb7 35. Re1 Bf8 36. b5 cxb5 37. Bxb5 Re7 38. Qa4 Qb6 39. Bd7 Qd6 40. g3 Bg7 41. Kg2 Kh7 42. Qb3 Qc5 43. Rb1 h5 44. Qf3 Qc2 45. Rb3 Qe4 46. h4 Bh6 47. Rb5 Bd2 48. Rxd5 Qxf3+ 49. Kxf3 Bc3 50. Rb5 Kg7 51. Ke4 Kf6 52. Rb8 Rg7 53. f4 Be1 54. Rb3 Bf2 55. Kd5 Ke7 56. Ke5 d3 57. Rxd3 Rg8 58. Ba4 1-0

[Event "SWE-chT 0708"]
[Site "Sweden"]
[Date "2008.02.02"]
[Round "7"]
[White "Moreau, Teodor"]
[Black "Bator, Robert"]
[Result "1/2-1/2"]
[WhiteElo "2384"]
[BlackElo "2413"]
[PlyCount "53"]
[EventDate "2007.10.19"]
[EventType "team"]
[EventRounds "11"]
[EventCountry "SWE"]
[SourceTitle "EXT 2009"]
[Source "ChessBase"]
[SourceDate "2008.11.26"]
[SourceVersion "1"]
[SourceVersionDate "2008.11.26"]
[SourceQuality "1"]
[WhiteTeam "Wasa"]
[BlackTeam "Stockholm Rockaden"]
[WhiteTeamCountry "SWE"]
[BlackTeamCountry "SWE"]

1. d4 d5 2. c4 c6 3. Nc3 Nf6 4. e3 a6 5. Bd3 g6 6. Nf3 Bg7 7. Qc2 0-0 8. h3 c5 9. dxc5 Qa5 10. 0-0 dxc4 11. Bxc4 Qxc5 12. Na4 Qh5 13. Nb6 Bf5 14. Qd1 Ra7 15. Nd4 Qh4 16. e4 Bxe4 17. Be3 Bh6 18. Qd2 Bxe3 19. Qxe3 e5 20. Nb3 Nc6 21. Rad1 Bf5 22. Rfe1 Kg7 23. Rd6 Ne4 24. Rd5 Nf6 25. Rd6 Ne4 26. Rd5 Nf6 27. Rd6 1/2-1/2

[Event "SWE-chT 0506"]
[Site "Sweden"]
[Date "2006.??.??"]
[Round "6"]
[White "Agrest, Evgenij"]
[Black "Moreau, Teodor"]
[Result "1-0"]
[WhiteElo "2684"]
[BlackElo "2389"]
[PlyCount "73"]
[EventDate "2005.10.??"]
[EventType "team"]
[EventRounds "11"]
[EventCountry "SWE"]
[SourceTitle "EXT 2008"]
[Source "ChessBase"]
[SourceDate "2007.11.25"]
[SourceVersion "1"]
[SourceVersionDate "2007.11.25"]
[SourceQuality "1"]
[WhiteTeam "Sollentuna"]
[BlackTeam "Wasa"]
[WhiteTeamCountry "SWE"]
[BlackTeamCountry "SWE"]

1. e4 c5 2. Nf3 a6 3. c4 e6 4. Nc3 Qc7 5. Be2 Nc6 6. d4 cxd4 7. Nxd4 Ne5 8. 0-0 Nxc4 9. Bxc4 Qxc4 10. Be3 Qb4 11. Na4 Nf6 12. a3 Qd6 13. e5 Qxe5 14. Nb6 Nd5 15. Nxa8 Qb8 16. Nb6 Nxb6 17. Nxe6 dxe6 18. Bxb6 Bd7 19. Qd4 Qd6 20. Rfd1 Qxd4 21. Rxd4 f6 22. Rad1 Bc6 23. Rd8+ Kf7 24. Bc5 Bd5 25. Re1 Rg8 26. Rd7+ Kg6 27. Bxf8 Rxf8 28. Re3 Rc8 29. Rg3+ Kf5 30. h4 Rc1+ 31. Kh2 Rc4 32. Kh3 g6 33. Rxh7 Rc1 34. Kh2 Rc2 35. Rg7 Rxf2 36. R7xg6 Rxb2 37. h5 1-0

[Event "SWE-chT 0506"]
[Site "Sweden"]
[Date "2006.??.??"]
[Round "7"]
[White "Moreau, Teodor"]
[Black "Livner, Anders"]
[Result "0-1"]
[WhiteElo "2389"]
[BlackElo "2407"]
[PlyCount "46"]
[EventDate "2005.10.??"]
[EventType "team"]
[EventRounds "11"]
[EventCountry "SWE"]
[SourceTitle "EXT 2008"]
[Source "ChessBase"]
[SourceDate "2007.11.25"]
[SourceVersion "1"]
[SourceVersionDate "2007.11.25"]
[SourceQuality "1"]
[WhiteTeam "Wasa"]
[BlackTeam "Stockholm Rockaden"]
[WhiteTeamCountry "SWE"]
[BlackTeamCountry "SWE"]

1. d4 d5 2. c4 dxc4 3. Nf3 Nf6 4. e3 e6 5. Bxc4 c5 6. 0-0 a6 7. a4 Nc6 8. Qe2 cxd4 9. Rd1 Be7 10. exd4 0-0 11. Bg5 Nb4 12. Ne5 Bd7 13. Nc3 Bc6 14. Bb3 Bd5 15. Nxd5 Nfxd5 16. Bd2 Rc8 17. Qe4 Nc6 18. Rac1 Nf6 19. Qe3 Qd6 20. Rc4 Rc7 21. Rdc1 Rfc8 22. Nxc6 Rxc6 23. Bb4 Qxb4 0-1

[Event "SWE-chT 0405"]
[Site "Sweden"]
[Date "2005.??.??"]
[Round "11"]
[White "Moreau, Teodor"]
[Black "Borvander, Tom"]
[Result "1/2-1/2"]
[WhiteElo "2370"]
[BlackElo "2245"]
[PlyCount "68"]
[EventDate "2004.11.05"]
[EventType "team"]
[EventRounds "11"]
[EventCountry "SWE"]
[SourceTitle "EXT 2006"]
[Source "ChessBase"]
[SourceDate "2005.11.24"]
[SourceVersion "1"]
[SourceVersionDate "2005.11.24"]
[SourceQuality "1"]
[WhiteTeam "Wasa"]
[BlackTeam "Kamraterna"]
[WhiteTeamCountry "SWE"]
[BlackTeamCountry "SWE"]

1. d4 Nf6 2. c4 g6 3. Nc3 Bg7 4. e4 d6 5. Be2 0-0 6. Nf3 Nbd7 7. 0-0 e5 8. Re1 c6 9. Bf1 exd4 10. Nxd4 Re8 11. Rb1 Nc5 12. f3 a5 13. Be3 a4 14. Qd2 Nfd7 15. Red1 Qe7 16. Kh1 Ne5 17. h3 f6 18. Re1 Be6 19. Nxe6 Qxe6 20. b3 axb3 21. axb3 Nf7 22. Qc2 Qe7 23. b4 Ne6 24. Ra1 Rxa1 25. Rxa1 f5 26. exf5 gxf5 27. Bf2 Qf6 28. Ra3 Ne5 29. Ne2 Bh6 30. Ra7 Re7 31. Ra8+ Kf7 32. Ng3 Ng7 33. Ne2 Ne6 34. Ng3 Ng7 1/2-1/2

[Event "SWE-chT 0506"]
[Site "Sweden"]
[Date "2005.??.??"]
[Round "2"]
[White "Moreau, Teodor"]
[Black "Olsson, Linus"]
[Result "1-0"]
[WhiteElo "2384"]
[BlackElo "2439"]
[PlyCount "61"]
[EventDate "2005.10.??"]
[EventType "team"]
[EventRounds "11"]
[EventCountry "SWE"]
[SourceTitle "EXT 2008"]
[Source "ChessBase"]
[SourceDate "2007.11.25"]
[SourceVersion "1"]
[SourceVersionDate "2007.11.25"]
[SourceQuality "1"]
[WhiteTeam "Wasa"]
[BlackTeam "Lund"]
[WhiteTeamCountry "SWE"]
[BlackTeamCountry "SWE"]

1. d4 Nf6 2. Bg5 e6 3. e4 h6 4. Bxf6 Qxf6 5. Nc3 d6 6. Qd2 g5 7. 0-0-0 Bg7 8. g3 Nc6 9. Bb5 0-0 10. Bxc6 bxc6 11. f4 c5 12. dxc5 Bb7 13. Qe3 Rfd8 14. Nf3 g4 15. Nd4 dxc5 16. Nb3 c4 17. Na5 Ba6 18. Nc6 Re8 19. Rd7 h5 20. Rhd1 Qh6 21. e5 h4 22. Rxc7 hxg3 23. hxg3 Qh2 24. Ne7+ Kh8 25. Ne4 Red8 26. Nd6 Rf8 27. Qe4 Qh7 28. Rh1 Bh6 29. Qxh7+ Kxh7 30. Ndf5 exf5 31. Rc6 1-0

[Event "SWE-chT 0506"]
[Site "Sweden"]
[Date "2005.??.??"]
[Round "3"]
[White "Ziegler, Ari"]
[Black "Moreau, Teodor"]
[Result "1-0"]
[WhiteElo "2375"]
[BlackElo "2384"]
[PlyCount "129"]
[EventDate "2005.10.??"]
[EventType "team"]
[EventRounds "11"]
[EventCountry "SWE"]
[SourceTitle "EXT 2008"]
[Source "ChessBase"]
[SourceDate "2007.11.25"]
[SourceVersion "1"]
[SourceVersionDate "2007.11.25"]
[SourceQuality "1"]
[WhiteTeam "Skara"]
[BlackTeam "Wasa"]
[WhiteTeamCountry "SWE"]
[BlackTeamCountry "SWE"]

1. d4 Nf6 2. Nf3 e6 3. e3 b6 4. Bd3 Bb7 5. Nbd2 c5 6. 0-0 cxd4 7. exd4 Be7 8. c4 0-0 9. b3 Re8 10. Ng5 d6 11. f4 g6 12. Bb2 Nbd7 13. Qe2 Nf8 14. Rae1 Nh5 15. Qf2 Ng7 16. d5 f5 17. dxe6 Bxg5 18. fxg5 Nfxe6 19. h4 Qc7 20. Nf3 Nc5 21. Bc2 Nd7 22. Nd4 Ne5 23. Nb5 Qc6 24. Qd2 Ng4 25. Bxg7 Kxg7 26. Nxd6 Rxe1 27. Rxe1 Rd8 28. Qc3+ Kg8 29. Nxb7 Qxb7 30. Bd1 Qc7 31. Bxg4 fxg4 32. b4 g3 33. Qf6 Rf8 34. Qe6+ Kg7 35. Qe7+ Rf7 36. Qxc7 Rxc7 37. Rc1 Kf7 38. Kf1 Ke6 39. Ke2 Ke5 40. Ke3 Rc8 41. a3 Rc7 42. Kd3 Rd7+ 43. Kc3 Rf7 44. Re1+ Kd6 45. Re3 Rf4 46. Rd3+ Kc6 47. b5+ Kc7 48. Rxg3 Rxh4 49. a4 Kb7 50. Rh3 Rg4 51. Rxh7+ Kb8 52. Kb4 Rxg5 53. a5 bxa5+ 54. Kxa5 Rxg2 55. Rg7 Rg5 56. Kb4 Ka8 57. c5 Rg4+ 58. Ka5 Kb8 59. c6 g5 60. Rg8+ Kc7 61. Ra8 Rg1 62. Rxa7+ Kd6 63. Kb6 g4 64. Rd7+ Ke6 65. Rd8 1-0

[Event "SWE-chT 0405"]
[Site "Sweden"]
[Date "2004.??.??"]
[Round "1"]
[White "Djurhuus, Rune"]
[Black "Moreau, Teodor"]
[Result "1-0"]
[WhiteElo "2578"]
[BlackElo "2365"]
[PlyCount "71"]
[EventDate "2004.11.05"]
[EventType "team"]
[EventRounds "11"]
[EventCountry "SWE"]
[SourceTitle "EXT 2006"]
[Source "ChessBase"]
[SourceDate "2005.11.24"]
[SourceVersion "1"]
[SourceVersionDate "2005.11.24"]
[SourceQuality "1"]
[WhiteTeam "Skara"]
[BlackTeam "Wasa"]
[WhiteTeamCountry "SWE"]
[BlackTeamCountry "SWE"]

1. d4 Nf6 2. c4 e6 3. Nc3 Bb4 4. e3 c5 5. Bd3 Nc6 6. Nge2 d5 7. cxd5 exd5 8. a3 Bxc3+ 9. bxc3 Be6 10. 0-0 Qd7 11. f3 Bf5 12. e4 Bg6 13. e5 Ng8 14. f4 Bxd3 15. Qxd3 c4 16. Qb1 f5 17. e6 Qxe6 18. Qxb7 Rb8 19. Qxg7 Qf7 20. Qxh8 Kd7 21. Ng3 Nge7 22. Qxb8 Nxb8 23. a4 Nec6 24. Rb1 Kc7 25. Ba3 Na5 26. Bd6+ Kxd6 27. Rxb8 Nc6 28. Rb2 h5 29. h4 Kc7 30. Rb5 Qe6 31. Kf2 Kd6 32. Re1 Qg6 33. Nf1 Qf6 34. g3 Nxd4 35. cxd4 Qxd4+ 36. Ne3 1-0

[Event "SWE-chT 0203"]
[Site "Sweden"]
[Date "2003.03.15"]
[Round "10"]
[White "Moreau, Teodor"]
[Black "Thornert, Hakan"]
[Result "1-0"]
[WhiteElo "2240"]
[BlackElo "2205"]
[PlyCount "63"]
[EventDate "2002.10.11"]
[EventType "team"]
[EventRounds "11"]
[EventCountry "SWE"]
[SourceTitle "EXT 2004"]
[Source "ChessBase"]
[SourceDate "2003.11.25"]
[SourceVersion "1"]
[SourceVersionDate "2003.11.25"]
[SourceQuality "1"]
[WhiteTeam "Wasa"]
[BlackTeam "Eksjo"]
[WhiteTeamCountry "SWE"]
[BlackTeamCountry "SWE"]

1. d4 Nf6 2. Bg5 Ne4 3. Bh4 c5 4. f3 g5 5. fxe4 gxh4 6. e3 Bh6 7. Kf2 cxd4 8. exd4 e5 9. Bc4 Nc6 10. Qh5 Qf6+ 11. Nf3 exd4 12. Bxf7+ Qxf7 13. Qxh6 h3 14. Nbd2 Ne5 15. Qd6 Ng4+ 16. Ke2 b6 17. Qxd4 Ba6+ 18. Kd1 hxg2 19. Rg1 Rg8 20. h3 Nf6 21. a4 d5 22. a5 dxe4 23. Nxe4 Rd8 24. Nd6+ Rxd6 25. Qxd6 Bf1 26. axb6 Nd7 27. Ra3 Qc4 28. Re3+ Kd8 29. bxa7 Qa4 30. Qb8+ Nxb8 31. axb8Q+ Kd7 32. Qxg8 1-0